Statistics for Wham! Charting Songs (Billboard Hot 100)

Click here to take the quiz!

General Stats

  • This quiz has been taken 79 times
  • The average score is 5 of 9

Answer Stats

AlbumWeeks OnPeakArtist(s)Song% Correct
Make It Big24 Weeks#1 (3 Weeks)Wham!Wake Me Up Before You Go-Go
85%
Make It Big22 Weeks#1 (3 Weeks)Wham! ft. George MichaelCareless Whisper
71%
Music from the Edge of Heaven / The Final38 Weeks#4Wham!Last Christmas
69%
Music from the Edge of Heaven / The Final13 Weeks#10Wham!The Edge of Heaven
65%
Make It Big20 Weeks#1 (2 Weeks)Wham!Everything She Wants
63%
Make It Big18 Weeks#3Wham!Freedom
60%
Music from the Edge of Heaven / The Final18 Weeks#3Wham!I'm Your Man
52%
Fantastic9 Weeks#60Wham! U.K.Bad Boys
49%
Music from the Edge of Heaven / The Final8 Weeks#50Wham!Where Did You Go
0%

Score Distribution

Percentile by Number Answered

Percent of People with Each Score

Your Score History

You have not taken this quiz